[Event "Challenge"]
[Site "http://www.queenalice.com/game.php?id=1459416"]
[Date "2017.1.13"]
[Round "-"]
[White "alemaocs"]
[Black "reibas"]
[Result "1-0"]
[WhiteElo "2020"]
[BlackElo "1907"]

1. e4 e5 2. f4 exf4 3. Nf3 Nc6 4. Bc4 h6 5. O-O d6 6. h3 g5 7. Nc3 Be6 8. Nd5
Nf6 9. Re1 Ne5 10. Nxe5 dxe5 11. Nxf6+ Qxf6 12. Bxe6 Qxe6 13. b3 O-O-O 14. d3
Qd6 15. Bb2 Kb8 16. Qf3 h5 17. Rad1 f6 18. c3 Qd7 19. d4 g4 20. Qd3 Bd6 21. dxe5
fxe5 22. c4 Bc5+ 23. Kh1 Qxd3 24. Rxd3 Rxd3 25. Bxe5 Bd6 26. Bxh8 gxh3 27. Bf6
hxg2+ 28. Kxg2 Rg3+ 29. Kf2 Bc5+ 30. Kf1 Rf3+ 31. Kg2 Rg3+ 32. Kf1 Rf3+ 33. Kg2
Rf2+ 34. Kh1 f3 35. Bh4 Rg2 36. Rf1 Rg4 37. Bf2 Bxf2 38. Rxf2 Rxe4 39. Kh2 Re2
40. Kg3 Rxf2 41. Kxf2 c5 42. Kxf3 Kc7 43. Kg3 Kd6 44. Kh4 a5 45. Kxh5 Kc6 46.
Kg5 b5 47. Kf5 Kd6 48. Kf6 Kc6 49. Ke6 a4 50. Ke5 bxc4 51. bxc4 a3 52. Ke6 Kb6
53. Kd5 Ka5 54. Kxc5 Ka4 55. Kd4 Kb4 56. c5 Kb5 57. Kd5 Kb4 58. c6 Kc3 59. c7
Kb2 60. c8=Q 1-0

[Event "Let's Play Chess!"]
[Site "http://www.queenalice.com/game.php?id=1461273"]
[Date "2017.1.26"]
[Round "-"]
[White "igorjava"]
[Black "reibas"]
[Result "0-1"]
[WhiteElo "1948"]
[BlackElo "1918"]

1. e4 e5 2. f4 exf4 3. Nf3 d6 4. Bc4 h6 5. d3 g5 6. O-O Be6 7. Bb3 Nf6 8. e5
dxe5 9. Nxe5 Qd4+ 10. Kh1 Qxe5 11. Re1 Qd6 12. Nc3 Nc6 13. Ne4 Qe7 14. Nxf6+
Qxf6 15. Bxe6 fxe6 16. Qh5+ Qf7 17. Qg4 Kd7 18. Bd2 Re8 19. Bc3 Rg8 20. a3 h5
21. Qf3 Qg6 22. d4 Kc8 23. d5 exd5 24. Rxe8+ Qxe8 25. Qxd5 Bd6 26. Re1 Qg6 27.
Qd3 Qxd3 28. cxd3 Kd7 29. Bf6 Be7 30. Bc3 Re8 31. Kg1 Bc5+ 32. Kf1 Rxe1+ 33.
Kxe1 Ke6 34. h3 Bd4 35. Ke2 Ke5 36. Kf3 Kf5 37. a4 Bxc3 38. bxc3 Ne5+ 39. Ke2 a5
40. d4 Nc4 41. Kf3 c6 42. g4+ hxg4+ 43. hxg4+ Ke6 44. Ke4 Nb2 0-1

[Event "Let's Play Chess!"]
[Site "http://www.queenalice.com/game.php?id=1461274"]
[Date "2017.1.26"]
[Round "-"]
[White "reibas"]
[Black "igorjava"]
[Result "1-0"]
[WhiteElo "1899"]
[BlackElo "1973"]

1. e4 c5 2. Nf3 d6 3. d4 cxd4 4. Nxd4 Nf6 5. Nc3 e5 6. Nf3 Nc6 7. Bb5 a6 8. Ba4
Bg4 9. Bg5 Be7 10. Nd5 h6 11. Be3 b5 12. Bb3 Rb8 13. a3 Nxe4 14. h3 Be6 15. O-O
Nc5 16. Ba2 O-O 17. Nd2 Qd7 18. Qf3 Nd8 19. Qg3 Kh8 20. f4 f5 21. fxe5 Bxd5 22.
Bxd5 dxe5 23. Qxe5 Bf6 24. Qxb8 Qxd5 25. Qg3 Bxb2 26. Rad1 Qc6 27. Qf2 Bxa3 28.
Nb3 Ne4 29. Qh4 Ne6 30. Nd4 Nxd4 31. Rxd4 Bc5 32. Rd3 Bxe3+ 33. Rxe3 Qxc2 34.
Rxe4 a5 35. Re5 b4 36. Rxa5 b3 37. Qb4 Rc8 38. Raa1 b2 39. Rab1 Qxb1 40. Rxb1
Rc1+ 41. Kh2 Rxb1 42. Qf8+ 1-0

[Event "Challenge"]
[Site "http://www.queenalice.com/game.php?id=1462181"]
[Date "2017.1.31"]
[Round "-"]
[White "Marcelin07"]
[Black "reibas"]
[Result "0-1"]
[WhiteElo "1754"]
[BlackElo "1888"]

1. e4 e5 2. Nf3 Nc6 3. d4 exd4 4. Bd3 d6 5. Bf4 Bg4 6. Nbd2 Ne5 7. h3 Bh5 8. g4
Nxd3+ 9. cxd3 Bg6 10. Ng5 Be7 11. Nxf7 Bxf7 12. O-O Nf6 13. Re1 O-O 14. Nc4 Nd7
15. Bg3 Bh4 16. Rf1 Qf6 17. Qe2 Ne5 18. Nxe5 dxe5 19. Kh2 Be6 20. Rac1 c6 21. a3
Bg5 22. b4 Bxc1 23. Rxc1 Qf3 24. Qxf3 Rxf3 25. Rd1 Bb3 26. Rd2 Re8 27. h4 a6 28.
Kg2 Rf7 29. g5 g6 30. f3 b6 31. Rf2 c5 0-1

[Event "Let's Play Chess!"]
[Site "http://www.queenalice.com/game.php?id=1467100"]
[Date "2017.3.2"]
[Round "-"]
[White "igorjava"]
[Black "reibas"]
[Result "1-0"]
[WhiteElo "1948"]
[BlackElo "1922"]

1. e4 e5 2. f4 exf4 3. Nf3 Nc6 4. Bc4 d6 5. d3 g5 6. h3 Be6 7. b3 h6 8. Bb2 Nf6
9. Nbd2 Bg7 10. O-O Qd7 11. Bb5 a6 12. Bxc6 Qxc6 13. c4 Qd7 14. d4 Rh7 15. Qc2
g4 16. hxg4 Bxg4 17. e5 Bf5 18. Qc1 dxe5 19. Nxe5 Qd8 20. Rxf4 Bg6 21. Nxg6 fxg6
22. Qc2 Qd7 23. Qxg6+ Qf7 24. Re1+ Kf8 25. Qd3 Kg8 26. d5 Qh5 27. Bxf6 Rf8 28.
Ref1 Rxf6 29. Rxf6 Bxf6 30. Rxf6 Re7 31. Nf3 Rf7 32. Re6 Qf5 33. Qxf5 Rxf5 34.
Re7 Rf7 35. Re6 h5 36. Kh2 1-0

[Event "Let's Play Chess!"]
[Site "http://www.queenalice.com/game.php?id=1467101"]
[Date "2017.3.2"]
[Round "-"]
[White "reibas"]
[Black "igorjava"]
[Result "1/2-1/2"]
[WhiteElo "1894"]
[BlackElo "1968"]

1. e4 c5 2. Nf3 Nc6 3. d4 cxd4 4. Nxd4 Nxd4 5. Qxd4 d6 6. Nc3 e5 7. Qd1 h6 8.
Bc4 Nf6 9. Be3 b5 10. Bxb5+ Bd7 11. Bc4 Be7 12. Nd5 Nxe4 13. Qf3 Nf6 14. Nxe7
Kxe7 15. Qd1 Bg4 16. Be2 Be6 17. O-O Qc7 18. b3 Rhd8 19. c4 Ne4 20. Rc1 f5 21.
Bd3 Nf6 22. f3 f4 23. Bd2 Kf7 24. Kh1 g5 25. Qe1 Nd7 26. Qe4 Nf8 27. Qe1 a5 28.
a3 Rdb8 29. Qe4 Ra7 30. b4 axb4 31. axb4 Kf6 32. Ra1 Rba8 33. Bc3 Rxa1 34. Bxa1
Rc8 35. g4 Rb8 36. b5 Qb7 37. Qxb7 Rxb7 38. Rc1 Nd7 39. Bc3 Nc5 40. Be2 Na4 41.
Bb4 Nc5 42. Rd1 Rd7 43. Bxc5 dxc5 44. Rxd7 Bxd7 45. Bd3 Bc8 46. Kg1 Ke7 47. Kf2
Bb7 48. Be4 Bxe4 49. fxe4 Kd6 50. Kf3 Kc7 51. Kf2 Kb6 52. Kf3 Ka5 53. Kf2 Kb6
54. h4 Ka5 55. Kg2 Kb6 56. Kh3 Ka5 57. Kg2 Kb6 58. Kh3 Ka5 59. Kg2 Kb6 60. Kh3
Ka5 1/2-1/2

[Event "Challenge"]
[Site "http://www.queenalice.com/game.php?id=1475988"]
[Date "2017.5.1"]
[Round "-"]
[White "mvson33"]
[Black "reibas"]
[Result "1-0"]
[WhiteElo "1967"]
[BlackElo "1896"]

1. Nf3 Nc6 2. d4 d5 3. e3 Bg4 4. Be2 Nf6 5. O-O e6 6. Nbd2 Bb4 7. c3 Ba5 8. Qc2
O-O 9. b4 Bb6 10. Bb2 a6 11. Rfe1 Re8 12. a4 Bf5 13. Qc1 e5 14. dxe5 Nxe5 15.
Rf1 Nd3 16. Qb1 Qd7 17. Bxd3 Ne4 18. Rd1 Bg6 19. Nxe4 Bxe4 20. Bxe4 Rxe4 21.
Qxe4 dxe4 22. Rxd7 h6 23. Nd4 Bxd4 24. exd4 f5 25. c4 Rc8 26. d5 1-0

[Event "Challenge"]
[Site "http://www.queenalice.com/game.php?id=1475989"]
[Date "2017.5.1"]
[Round "-"]
[White "reibas"]
[Black "mvson33"]
[Result "1-0"]
[WhiteElo "1897"]
[BlackElo "1856"]

1. e4 e5 2. Nf3 Nc6 3. Bb5 a6 4. Ba4 b5 5. Bb3 Be7 6. d3 Nf6 7. a3 O-O 8. O-O
Bb7 9. Nc3 d6 10. Bg5 Qd7 11. Nd5 Rfe8 12. Ba2 Nxd5 13. Bxd5 Rab8 14. b4 Bxg5
15. Nxg5 Rf8 16. Qh5 h6 17. Nh3 Qe7 18. f4 exf4 19. Nxf4 Ne5 20. Bxb7 Rxb7 21.
Nd5 Qd7 22. Rf4 Ng6 23. Rf2 Rbb8 24. Nf4 Nxf4 25. Rxf4 Qc6 26. Raf1 Qd7 27. Qf5
Qxf5 28. exf5 Rfe8 29. Re4 Rxe4 30. dxe4 Re8 31. Re1 Kf8 32. Kf2 Re5 33. Re3 f6
34. Kf3 Kf7 35. Rd3 Ke7 36. Rd5 Rxd5 37. exd5 Kf7 38. g4 Ke7 39. Ke4 Kd7 40. Kd4
Ke7 41. c4 bxc4 42. Kxc4 Kd7 43. a4 c6 44. h4 cxd5+ 45. Kxd5 Ke7 46. b5 axb5 47.
axb5 Kd7 48. b6 Kc8 49. Kxd6 Kb7 50. Ke6 Kxb6 51. Kf7 Kc5 52. Kxg7 Kd4 53. Kxf6
Ke4 54. Kg6 1-0

[Event "Challenge"]
[Site "http://www.queenalice.com/game.php?id=1486995"]
[Date "2017.7.22"]
[Round "-"]
[White "reibas"]
[Black "alemaocs"]
[Result "1-0"]
[WhiteElo "1889"]
[BlackElo "2042"]

1. e4 e5 2. Nf3 Nc6 3. Bb5 d6 4. h3 a6 5. Ba4 Nf6 6. Nc3 Be7 7. d3 h6 8. Be3 O-O
9. d4 exd4 10. Nxd4 Ne5 11. Bb3 c5 12. a3 cxd4 13. Bxd4 b5 14. Nd5 Nxe4 15. Bxe5
dxe5 16. Qf3 Ng5 17. Nxe7+ Qxe7 18. Qxa8 Bxh3 19. Qc6 Bf5 20. O-O-O Rc8 21. Qd6
Qxd6 22. Rxd6 Ne6 23. Rd2 Nd4 24. Kd1 Bg4+ 25. f3 Nxf3 26. Rf2 Nd4+ 27. Kd2
Nxb3+ 28. cxb3 Be6 29. Rf3 f6 30. Rc1 Rd8+ 31. Rd3 Rxd3+ 32. Kxd3 Bxb3 33. Ke4
a5 34. Rc5 Bc4 35. a4 Bf1 36. axb5 Bxg2+ 37. Ke3 h5 38. Rc2 Bb7 39. b6 Kh7 40.
Rc7 Bh1 41. b7 Bxb7 42. Rxb7 h4 43. Kf3 f5 44. Rb5 e4+ 45. Kg2 Kg6 46. Rxa5 Kg5
47. b4 Kg4 48. Ra3 f4 49. b5 e3 50. Ra4 h3+ 51. Kg1 Kg3 52. b6 f3 53. b7 f2+ 54.
Kf1 Kf3 55. Rf4+ Kxf4 56. b8=Q+ Kf3 57. Qb7+ 1-0

[Event "Challenge"]
[Site "http://www.queenalice.com/game.php?id=1486996"]
[Date "2017.7.22"]
[Round "-"]
[White "alemaocs"]
[Black "reibas"]
[Result "1-0"]
[WhiteElo "2031"]
[BlackElo "1911"]

1. e4 e5 2. f4 exf4 3. Nf3 d6 4. Bc4 h6 5. O-O a6 6. d4 b5 7. Bb3 Be7 8. Bxf4
Bb7 9. Nbd2 c5 10. c3 c4 11. Bc2 d5 12. e5 Bc8 13. h3 Be6 14. Nh2 Nd7 15. Be3
Bg5 16. Qf3 Bxe3+ 17. Qxe3 Qg5 18. Qf2 O-O-O 19. Kh1 h5 20. Nhf3 Qh6 21. b3 g5
22. bxc4 dxc4 23. Kh2 h4 24. Ne4 g4 25. hxg4 Qf4+ 26. Kg1 Qxg4 27. Nfg5 Qh5 28.
Nd6+ Kc7 29. Ndxf7 Bxf7 30. Nxf7 Rf8 31. e6 Ndf6 32. Qf4+ Kb6 33. Qd6+ 1-0

[Event "Challenge"]
[Site "http://www.queenalice.com/game.php?id=1495853"]
[Date "2017.9.21"]
[Round "-"]
[White "reibas"]
[Black "REUSKING"]
[Result "0-1"]
[WhiteElo "1900"]
[BlackElo "2032"]

1. e4 e5 2. Nf3 Nf6 3. Nc3 Nc6 4. Bb5 Bc5 5. h3 O-O 6. d3 Re8 7. Bg5 h6 8. Bh4
d6 9. Nd5 g5 10. Nxg5 Nxd5 11. Qh5 Qf6 12. exd5 hxg5 13. Qxg5+ Qxg5 14. Bxg5 a6
15. Bxc6 bxc6 16. dxc6 Be6 17. Be3 Bd5 18. Bxc5 dxc5 19. O-O Bxc6 20. Rae1 f6
21. f4 exf4 22. Rxe8+ Rxe8 23. Rxf4 Kf7 24. Kf2 Rg8 25. g4 Ke6 26. Rf5 Rg5 27.
Rxg5 fxg5 28. Kg3 Ke5 29. c3 a5 30. a3 Ba4 31. h4 gxh4+ 32. Kxh4 Bc2 33. b4 cxb4
34. cxb4 axb4 35. d4+ Kxd4 36. axb4 Kc4 37. Kg3 Kxb4 38. g5 c5 39. Kf2 Kb3 40.
Ke1 c4 41. g6 Bxg6 42. Kd1 Kb2 0-1

[Event "Let's Play Chess!"]
[Site "http://www.queenalice.com/game.php?id=1498534"]
[Date "2017.10.13"]
[Round "-"]
[White "tucuman"]
[Black "reibas"]
[Result "1-0"]
[WhiteElo "2133"]
[BlackElo "1934"]

1. e4 e5 2. Bc4 Nc6 3. d3 Nf6 4. Nf3 h6 5. a3 Bc5 6. O-O d6 7. Nc3 Bg4 8. h3 Bh5
9. Nd5 Nd4 10. Be3 c6 11. Bxd4 cxd5 12. Bb5+ Nd7 13. Bxc5 dxc5 14. exd5 O-O 15.
Qe2 Bxf3 16. Qxf3 a6 17. Bc4 Qf6 18. Qxf6 Nxf6 19. f4 exf4 20. Rxf4 Rae8 21.
Raf1 Re5 22. Rf5 Rfe8 23. R5f2 Nxd5 24. Bxd5 Rxd5 25. Rxf7 b5 26. R7f2 Rde5 27.
g4 g5 28. Rf6 Re2 29. R1f2 R2e6 30. Rxe6 Rxe6 31. Rf5 Rc6 32. Kf2 c4 33. d4 Kg7
34. d5 Rd6 35. Ke3 Kg6 36. c3 Rd8 37. Kd4 Re8 38. d6 Rd8 39. Kd5 h5 40. Kc6 a5
41. d7 b4 42. Kc7 1-0

[Event "Challenge"]
[Site "http://www.queenalice.com/game.php?id=1499224"]
[Date "2017.10.17"]
[Round "-"]
[White "MASTROIANNI"]
[Black "reibas"]
[Result "0-1"]
[WhiteElo "1111"]
[BlackElo "1914"]

1. d4 d5 2. f4 Nc6 3. a3 Nf6 4. b4 a6 5. Bb2 Bf5 6. h3 h6 7. g4 Be4 8. Rh2 e6 9.
Nd2 Bh7 10. Ngf3 Bd6 11. Ne5 Ne4 12. Nxe4 Bxe4 13. Qd2 Nxe5 14. fxe5 Qh4+ 15.
Kd1 Be7 0-1

[Event "Challenge"]
[Site "http://www.queenalice.com/game.php?id=1500428"]
[Date "2017.10.25"]
[Round "-"]
[White "alemaocs"]
[Black "reibas"]
[Result "1-0"]
[WhiteElo "2016"]
[BlackElo "1916"]

1. e4 e5 2. f4 Bc5 3. Nf3 Nc6 4. Bc4 exf4 5. c3 Ne5 6. Nxe5 Qh4+ 7. Ke2 Qh5+ 8.
Nf3 d6 9. d4 Bb6 10. Bxf4 Bg4 11. Kd3 O-O-O 12. Bb3 Qb5+ 13. Kc2 Qe8 14. Qd3 h6
15. Nbd2 f5 16. e5 g5 17. Bg3 f4 18. Bf2 Ne7 19. Kc1 Bf5 20. Qc4 Kb8 21. Bc2 Qg6
22. Bxf5 Nxf5 23. Re1 Rhe8 24. b3 dxe5 25. Nxe5 Qe6 26. Kc2 h5 27. Qxe6 Rxe6 28.
Nd7+ Rxd7 29. Rxe6 g4 30. Rae1 Kc8 31. g3 f3 32. Ne4 Kd8 33. Nf6 Re7 34. Rxe7
Nxe7 35. Nxh5 Nd5 36. Nf4 Nf6 37. Re6 Nh7 38. Kd3 Ng5 39. Rg6 Nh3 40. Nxh3 gxh3
41. Ke4 1-0

[Event "Challenge"]
[Site "http://www.queenalice.com/game.php?id=1502388"]
[Date "2017.11.6"]
[Round "-"]
[White "reibas"]
[Black "REUSKING"]
[Result "1-0"]
[WhiteElo "1913"]
[BlackElo "2043"]

1. e4 e5 2. Nf3 Nf6 3. Nc3 Nc6 4. Bb5 a6 5. Ba4 b5 6. Bb3 Be7 7. d3 d6 8. Bg5
O-O 9. O-O Be6 10. Nd5 Bxd5 11. Bxf6 Bxb3 12. Bxe7 Qxe7 13. axb3 f5 14. c3 fxe4
15. dxe4 Qf6 16. Qd5+ Rf7 17. Qxc6 Raf8 18. Rxa6 Qg6 19. Kh1 Qh5 20. Ng1 h6 21.
f3 Kh8 22. Ra8 Rxa8 23. Qxa8+ Kh7 24. Qe8 1-0

[Event "Challenge"]
[Site "http://www.queenalice.com/game.php?id=1502389"]
[Date "2017.11.6"]
[Round "-"]
[White "REUSKING"]
[Black "reibas"]
[Result "1-0"]
[WhiteElo "2022"]
[BlackElo "1926"]

1. e4 e5 2. Nf3 Nc6 3. d4 exd4 4. Nxd4 d6 5. Bc4 Ne5 6. Bb3 Qh4 7. Nc3 Nf6 8.
Nf3 Nxf3+ 9. Qxf3 Qg4 10. Qxg4 Bxg4 11. f3 Be6 12. Be3 Be7 13. O-O-O Bxb3 14.
axb3 O-O 15. Nb5 c6 16. Nxd6 Bxd6 17. Rxd6 h6 18. Rhd1 a5 19. Bd4 Ne8 20. Rd7 b5
21. Bc5 Nf6 22. Rc7 Rfc8 23. Rxc8+ Rxc8 24. Be7 Kh7 25. Bxf6 gxf6 26. Rd6 Kg7
27. Kd2 h5 28. Kd3 c5 29. Ra6 Rd8+ 30. Ke2 a4 31. bxa4 b4 32. b3 Kg6 33. Rc6 1-0

[Event "Let's Play Chess!"]
[Site "http://www.queenalice.com/game.php?id=1507694"]
[Date "2017.12.12"]
[Round "-"]
[White "igorjava"]
[Black "reibas"]
[Result "1-0"]
[WhiteElo "1991"]
[BlackElo "1891"]

1. e4 e5 2. f4 Qh4+ 3. g3 Qe7 4. f5 d5 5. d3 Nf6 6. Bg2 d4 7. Ne2 h6 8. c3 Nc6
9. cxd4 Nxd4 10. Nbc3 Bd7 11. Be3 Qb4 12. Rb1 Bc5 13. a3 Qb6 14. Na4 Qc6 15.
Nxc5 Qxc5 16. Rc1 Qa5+ 17. Qd2 Qxd2+ 18. Bxd2 Nxe2 19. Kxe2 O-O-O 20. h3 Bb5 21.
Rc3 Rd7 22. Rd1 Rhd8 23. Be3 b6 24. Bf1 Nh5 25. Kf3 1-0

[Event "Let's Play Chess!"]
[Site "http://www.queenalice.com/game.php?id=1507695"]
[Date "2017.12.12"]
[Round "-"]
[White "reibas"]
[Black "igorjava"]
[Result "0-1"]
[WhiteElo "1904"]
[BlackElo "1978"]

1. e4 c5 2. Nf3 d6 3. Nc3 Nf6 4. Bc4 Bg4 5. d4 cxd4 6. Qxd4 Bxf3 7. gxf3 Nc6 8.
Bb5 a6 9. Bxc6+ bxc6 10. Bg5 e5 11. Qc4 Qc8 12. f4 Be7 13. O-O O-O 14. fxe5 dxe5
15. f3 h6 16. Bh4 g5 17. Bg3 Qc7 18. Nd5 Nxd5 19. exd5 c5 20. Rfe1 Bd6 21. a3 a5
22. Re2 Kg7 23. Rae1 f6 24. Re3 Rab8 0-1

[Event "Let's Play Chess!"]
[Site "http://www.queenalice.com/game.php?id=1509399"]
[Date "2017.12.26"]
[Round "-"]
[White "igorjava"]
[Black "reibas"]
[Result "1-0"]
[WhiteElo "2014"]
[BlackElo "1868"]

1. e4 e5 2. f4 exf4 3. Nf3 d6 4. Bc4 h6 5. O-O Be6 6. Be2 Nf6 7. Nc3 Nc6 8. d4
d5 9. exd5 Nxd5 10. Nxd5 Bxd5 11. Bxf4 Bd6 12. Bxd6 Qxd6 13. c4 Bxf3 14. Bxf3
Qxd4+ 15. Qxd4 Nxd4 16. Bxb7 Rb8 17. Bd5 O-O 18. b3 Rbe8 19. Rae1 c6 20. Rxe8
cxd5 21. Rxf8+ Kxf8 22. cxd5 f6 23. Re1 1-0

[Event "Let's Play Chess!"]
[Site "http://www.queenalice.com/game.php?id=1509400"]
[Date "2017.12.26"]
[Round "-"]
[White "reibas"]
[Black "igorjava"]
[Result "0-1"]
[WhiteElo "1879"]
[BlackElo "2003"]

1. e4 c5 2. Nf3 d6 3. Bb5+ Nc6 4. d4 cxd4 5. Nxd4 Qc7 6. Nc3 a6 7. Bxc6+ bxc6 8.
Bf4 e5 9. Nxc6 Qxc6 10. Be3 Nf6 11. O-O Nxe4 12. Qd5 Qxd5 13. Nxd5 Bb7 14. Nc7+
Kd7 15. Nxa8 Bxa8 16. c4 Be7 17. b4 f5 18. f3 Nf6 19. a3 Rc8 20. Rfd1 Rxc4 21.
Rac1 Rxc1 0-1